000 00966nam a2200349 a 4500
003 AR-BaBNM
005 20251128210113.0
008 082120s2002 ||||||||||||||000 | spa||
020 _a950-09-1155-8
040 _cAR-BaBNM
100 1 _aBarone, Cecilia Elvira Iris
245 0 0 _aLos vínculos del adolescente en la era posmoderna
250 _a1ª ed.
260 _aBuenos Aires
_bPaulinas
_c1997
300 _a174 p.
490 0 _aCaminos educativos
504 _aContiene bibliografía p. 151-154
650 4 _aADOLESCENCIA
650 4 _aMEDIOS DE COMUNICACION
650 4 _aSOCIEDAD
650 4 _aAMBIENTE FAMILIAR
650 4 _aHISTORIA DE LA EDUCACION
650 4 _aROL DEL DOCENTE
650 4 _aRELACION ALUMNO-DOCENTE
653 _aORIENTACION EDUCATIVA
653 _aPOSMODERNIDAD
653 _aEDUCACION SECUNDARIA
653 _aPROBLEMAS [MATEMATICA]
653 _aORIENTACION VOCACIONAL
942 _cBK
998 _cRaquel
999 _c14057
_d14057